Every 100,000+ City in Ivory Coast in Order - Statistics

General Stats
  • This quiz has been taken 31 times
    15 since last reset
  • The average score is 6 of 30
Answer Stats
Letter Population City % Correct
A 6,296,319 Abidjan
100%
Y 306,716 Yamoussoukro
83%
S-P 372,005 San-Pédro
50%
B 208,053 Bingerville
33%
B 887,013 Bouaké
33%
G-B 148,080 Grand-Bassam
33%
K 517,135 Korhogo
33%
M 294,088 Man
33%
A 150,983 Abengourou
17%
A 106,093 Adzopé
17%
A 105,301 Agboville
17%
A 384,105 Anyama
17%
B 141,252 Bondoukou
17%
B 100,998 Bonoua
17%
D 154,707 Dabou
17%
D 440,294 Daloa
17%
D 102,097 Daoukro
17%
D 237,155 Divo
17%
F 110,505 Ferkessédougou
17%
G 241,502 Gagnoa
17%
O 103,055 Odienné
17%
S 145,910 Soubré
17%
B 168,110 Bouaflé
0%
D 101,052 Danané
0%
D 179,392 Duékoué
0%
G 147,550 Guiglo
0%
I 126,350 Issia
0%
O 115,284 Oumé
0%
S 147,756 Sinfra
0%
V 119,830 Vavoua
0%
No matching quizzes found
Score Distribution
Percent of People with Each Score
Percentile by Number Answered
Your Score History
You have not taken this quiz since the last reset